000 00677nam a2200193Ii 4500
003 JO-AjNU
008 230605s9999||||xx |||||||||||||| ||und||
040 _aJO-AjNU
_bara
_erda
_cJO-AjNU
041 _aara
050 1 4 _aZ675.S3.M5 1979
100 3 _aكاظم ، مدحت صالح ,
_eauthor
_938303
245 0 0 _aالمكتبة المدرسية ودور المشرفين عليها في تحقيق اهدافها
264 3 1 _aالقاهرة : دار الفكر العربي ،1979
300 _a255ص
336 _atext
_btxt
_2rdacontent
337 _aunmediated
_bn
_2rdamedia
338 _avolume
_bnc
_2rdacarrier
650 4 _aالمكتبة المدرسية
_938304
999 _aA16081
_c19649
_d19649